LEADER 01502nam a2200337 a 4500 001 000000048473 003 CaOOAMICUS 005 20131219103731.0 008 000508s1992 it u000 u ita r 020 $a8838236666 035 $a10847041 040 $aMSA$bita$dPUL(R) 245 02$aL'Europa crocevia :$bmemoria, cultura, responsabilità delle Chiese /$cP. Prodi ... [et al.] ; introduzione di Giulio Conticelli. 260 $aRoma :$bEdizioni Studium,$c1992. 300 $axxi, 343 p. ;$c21 cm 490 1 $aCoscienza.$aStudi ;$v21 650 4$aChiesa e società$zEuropa$ySec. XX.$0(OLS)http://pul/subject/14746 700 1 $aConticelli, Giulio.$0(OLS)http://pul/name/35190 700 1 $aProdi, Paolo.$0(OLS)http://pul/name/18623 830 0$aCoscienza.$pStudi ;$v21.$0(OLS)http://pul/title/9531 850 $aPUL 852 $aPUL$W1$xSL Religione 2$y84$mRH D3 117$j64585$nBK-PRI$b $qStampati altre collocazioni$B64585$CPULBib$Z2$F64585 $H $81 852 $aPUL$W1$xDP1 Fondo E. Rossi$y115$m3 A 130$j157789$a2. copia$qFondi$B157215$CPULBib$Z2$F157215 $82 941 1 $a10 941 1 $a1 961 $aINV: 69580 961 $aSul dorso collocazione ms. di E. Rossi: CP 48 996 $6020$a8838236666$9(OLS)http://pul/number/60946 996 $6245$aL'Europa crocevia :$bmemoria, cultura, responsabilità delle Chiese$9(OLS)http://pul/title/65272 996 $6260$aRoma :$bEdizioni Studium$9(OLS)http://pul/publisher/49092 LEADER 01826nam a2200349 i 4500 001 000000106007 003 CaOOAMICUS 005 20180207101645.0 008 070704s1898 gw b u000 u grc r 032 $aLibriCat 040 $aPUL$bita$dGP 100 0 $aIohannes Philoponus,$dattivo secoli 5.-6.$0(OLS)http://pul/name/16260 245 10$aPhiloponi (olim Ammonii) In Aristotelis Categorias commentarium /$cconsilio et auctoritate Academiae Litterarum Regiae Borussicae ; edidit Adolfus Busse. 260 $aBerolini :$btypis et impensis Georgii Reimeri,$c1898. 300 $a232 p. ;$c24 cm. 490 1 $aCommentaria in Aristotelem graeca ;$vv.13, pars 1 500 $aFront. e prefazione in latino. 600 04$aAristoteles,$d384-322 a.C.$tCategoriae.$0(OLS)http://pul/subject/33391 700 1 $aBusse, Adolfus.$0(OLS)http://pul/name/43299 740 0 $aIn Aristotelis categorias commentarium. 830 0$aCommentaria in Aristotelem graeca ;$vv.13, pars 1.$0(OLS)http://pul/title/26001 850 $aPUL 852 $aPUL$W1$xDP2 Filosofia 1$y62$m82 E 4$j119037$qStampati$B118913$CPULBib$Z2$F118913 $82 900 $aFilopono,$dsec. VI$916260 900 $aGiovanni Filopono,$cvesc. di Alessandria d'Egitto, $df. c. 500-530$916260 900 $aPhiloponus, Iohannes, $cvesc. di Alessandria d'Egitto,$df. c. 500-530$916260 941 1 $a8 961 $aTimbri: Bibliotheca P. Athenaeum Seminarii Rom. Precedente collocazione abrasa su targhetta rettangolare bordata di azzurro. 996 $6740$aIn Aristotelis categorias commentarium$9(OLS)http://pul/title/85245 996 $6245$aPhiloponi (olim Ammonii) In Aristotelis Categorias commentarium$9(OLS)http://pul/title/133508 996 $6260$aBerolini :$btypis et impensis Georgii Reimeri$9(OLS)http://pul/publisher/79281